000 00237nam a2200097Ia 4500
005 20251222114353.0
008 251222s1900||||xx |||||||||||||| ||spa||
082 _aDVD0070/B45F/2003
245 0 _aFresas salvajes:Smultronstallet
942 _cDVD
999 _c1334
_d1334